00523cam a22001577a 4500008004000000082001800040100001900058245007700077260002700154300001000181500000900191650004100200700001700241999001900258952008800277180718b1957 xxu||||| |||| 00| 0 eng d aA99 K528 A127 aAlexandrov, V. aKhrushchev of the Ukraine: a biographycby V. Alexandrov and Paul Selver aLondonbGollanczc1957 a176p. a15/- aKhrushchev, Nikita Sergeyevich, 1894 aSelver, Paul c357412d357412 00104070aIIPAbIIPAd1994-01-13oA99 K528 A127p6075r2018-07-21w2018-07-21yBK